000 00646nam a22001937a 4500
999 _c6114
_d6114
003 AR-CdUCM
008 190313b ||||| |||| 00| 0 spa d
040 _aMUNICIPALIDAD PROVINCIAL DEL CUSCO
_cBIBLIOTECA MUNICIPAL DEL CUSCO
082 _a869.56 /
_bT33
100 _aTejada Manrique, Juan Marcial
_91177
245 _aLa enfermera diplomada :
_bdrama /
260 _aLima :
_bTaller de la imprenta del colegio "Nuestra Señora de la Merced",
_c1995.
300 _a182 páginas ;
_c20 cm.
500 _aObra escrita en Arequipa el año 1957.
650 _aTeatro peruano
_92697
650 _aSiglo XX
_98
942 _2ddc
_cLIBROS
945 _azta